C lculo una varible / George B. Thomas (Registro nro. 22832)
[ vista simple ]
| 000 -LÍDER | |
|---|---|
| fixed length control field | 00512nam a2200181 4500 |
| 008 - ELEMENTOS DE LONGITUD FIJA -- INFORMACIÓN GENERAL | |
| fixed length control field | 0 2005 0a 000 0MEX |
| 020 ## - NÚMERO INTERNACIONAL NORMALIZADO PARA LIBROS | |
| ISBN | 970-26-0643-8 |
| 050 ## - SIGNATURA TOPOGRAFICA DE LA BIBLIOTECA DEL CONGRESO (LC) | |
| Número de Clasificación | QA303 T4218 2005 |
| 082 ## - NUMERO DE CLASIFICACION DECIMAL DEWEY | |
| Número de Clasificación | 515.83 T511c 2005 |
| 100 ## - ASIENTO PRINCIPAL--NOMBRE PERSONAL | |
| Nombre personal | Thomas, George B. |
| 245 ## - TÍTULO | |
| Título | C lculo una varible / George B. Thomas |
| 250 ## - MENCIÓN DE EDICIÓN | |
| Mención de edición | 11 |
| 260 ## - PUBLICACIÓN, DISTRIBUCIÓN, ETC. (PIE DE IMPRENTA) | |
| Lugar de publicación, distribución, etc. | México : Pearson |
| 300 ## - DESCRIPCIÓN FÍSICA | |
| Extensión | xvi, 684p. / 27 cm. |
| 500 ## - NOTA GENERAL | |
| Nota general | Incluye ap‚ndice |
| 650 ## - ASIENTO SECUNDARIO DE MATERIA - TERMINO TEMÁTICO | |
| Término temático o nombre geográfico como elemento de entrada | 1. CÁLCULO 2. GEOMETRIA ANALITICA |
| 700 ## - ASIENTO SECUNDARIO - NOMBRE PERSONAL | |
| Nombre personal | I. Weir Mauricwe D. |
| No. biblioteca | No. biblioteca | Número de clasificación | Código de barras/Número de adquisición | Número de copia | Tipo de material |
|---|---|---|---|---|---|
| LUIS G. INCLAN | LUIS G. INCLAN | 515.83 T511c 2005 | 49065 | 1 | Libros |
